000 01819nam0a2200361 4500
001 RU\NLR\bibl\1676754
005 20260407210450.0
010 _a978-5-89846-887-3
_9700
021 _aRU
_b2010-2166и
_9218и
035 _a(NLR Aleph) 001667989
090 _a1023363
_c1023363
100 _a20100921d2009 |||y0rusy50 ca
101 0 _arus
_avog
102 _aRU
105 _aa |||||||||
200 1 _aЗемля моих предков
_eфотоальбом
_fПравительство Ханты-Манс. авт. окр. - Югры, Деп. информ. политики Ханты-Манс. авт. окр. - Югры [и др.]
_g[фот.: Н. Мерова и др.
_gавт.-сост.: В. Узель]
210 _aХанты-Мансийск
_cPRESSтиж
_d2009
215 _a[72] с.
_cил., цв. ил., портр.
_d31
300 _aНа обл.: 20 лет газете "Луима Сэрипос"
601 0 2 _a"Луима сэрипос", газета
_cХанты-Мансийск, город
_jФотоальбомы
_92612106
_3RU\NLR\auth\661548664
607 _aХанты-Мансийский автономный округ-Югра
_jФотоальбомы
_xИстория
_92150193
_3RU\NLR\auth\661294977
686 _aТ3(2Р-4Тю-6Х)я656
686 _aЧ612.4(2Р-4Тю-6Х-2)71я6
702 1 _aУзель
_bВ.
_4220
712 0 1 _4570
_aХанты-Мансийский автономный округ - Югра
_bДепартамент информационной политики
_3RU\NLR\AUTH\8810139136
_9773466
801 0 _aRU
_bNLR
_c20100921
_gRCR
801 1 _aRU
_bNLR
_c20100921
942 _cBOOK
980 _aNB
980 _aNBR